Statistics for Manchester City Squad 2018/19

Click here to take the quiz!

General Stats

  • This quiz has been taken 150 times
  • The average score is 21 of 26

Answer Stats

#PositionPlayerNationalityDate of Birth (Age)% Correct
31GoalkeeperEdersonBrazilianAug 17, 1993 (25)
100%
21Attacking MidfieldDavid SilvaSpanishJan 8, 1986 (32)
99%
20Right WingerBernardo SilvaPortugueseAug 10, 1994 (24)
98%
2Right-BackKyle WalkerEnglishMay 28, 1990 (28)
97%
17Attacking MidfieldKevin de BruyneBelgianJun 28, 1991 (27)
97%
10Centre-ForwardSergio AgüeroArgentinianJun 2, 1988 (30)
96%
19Left WingerLeroy SanéGerman Jan 11, 1996 (22)
96%
7Right WingerRaheem SterlingEnglishDec 8, 1994 (23)
95%
1GoalkeeperClaudio BravoChileanApr 13, 1983 (35)
94%
5Centre-BackJohn StonesEnglishMay 28, 1994 (24)
94%
26Right WingerRiyad MahrezAlgerianFeb 21, 1991 (27)
94%
30Centre-BackNicolás OtamendiArgentinianFeb 12, 1988 (30)
94%
33Centre-ForwardGabriel JesusBrazilianApr 3, 1997 (21)
93%
14Centre-BackAymeric LaporteFrenchMay 27, 1994 (24)
93%
4Centre-BackVincent KompanyBelgianApr 10, 1986 (32)
92%
25Defensive MidfieldFernandinhoBrazilianMay 4, 1985 (33)
92%
22Left-BackBenjamin MendyFrench Jul 17, 1994 (24)
91%
8Central MidfieldIlkay GündoganGermanOct 24, 1990 (28)
88%
47Central MidfieldPhil FodenEnglishMay 28, 2000 (18)
81%
3Right-BackDaniloBrazilianJul 15, 1991 (27)
76%
35Central MidfieldOleksandr ZinchenkoUkrainianDec 15, 1996 (21)
68%
15Centre-BackEliaquim MangalaFrenchFeb 13, 1991 (27)
62%
18Central MidfieldFabian DelphEnglishNov 21, 1989 (28)
56%
49GoalkeeperArijanet MuricKosovarNov 7, 1998 (20)
41%
55Attacking MidfieldBrahim DíazSpanishAug 3, 1999 (19)
40%
34Centre-BackPhilippe SandlerDutchFeb 10, 1997 (21)
20%

Score Distribution

Percentile by Number Answered

Percent of People with Each Score

Your Score History

You have not taken this quiz